000 00737nam a2200205 a 4500
999 _c11950
_d11950
001 1950
003 BD-JhCC
005 20210222121329.0
008 210222b 2020bg |||| ||a| 000 0 ben d
035 _a(BD-JhCC)1950
040 _aBD-JhCC
_dBD-JhCC
041 _aeng
082 _a954.9205
_bSHA 2020
100 _aখান, শহীদুল হক
245 _aবঙ্গবন্ধু হত্যার ফাঁসির রায় জেগে ওঠে বাংলাদেশ /
_c শহীদুল হক খান
260 _aবাংলাদেশ:
_bদি স্কাই পাবলিশার্স, ঢাকা;
_c২০২০.
300 _a287 p. :
_c22 CM.
942 _2ddc
_cBK